|
|
|
|
| LEADER |
00000nam a22000007a 4500 |
| 005 |
20140917222646.0 |
| 007 |
cr|||| |||| |
| 008 |
140917s2014 it |||||s|||| 00||0 ita d |
| 020 |
|
|
|a 978-88-6611-370-6
|
| 035 |
|
|
|a 12395
|
| 040 |
|
|
|a vLex
|
| 090 |
|
|
|c 5170
|d 5170
|
| 100 |
1 |
|
|a Parente, Salvatore Antonello
|
| 245 |
1 |
0 |
|a Criteri di deducibilit ̀delle passivit ̀e limiti quantitativi del tributo successorio
|h [Recurso electrn̤ico] /
|c Salvatore Antonello Parente
|
| 256 |
|
|
|a Servicio en ln̕ea
|
| 260 |
|
|
|a Bari:
|b Cacucci Editore,
|c 2014
|
| 300 |
|
|
|a 1 recurso electrn̤ico
|
| 500 |
|
|
|a Il Dipartimento Jonico in “Sistemi Giuridici ed Economici del Mediterraneo: societ,̉ ambiente, culture” (DJSGE) ̈il primo dipartimento dell’Universit ̉degli Studi di Bari “Aldo Moro” con sede a Taranto. Esso nasce dall’aggregazione di docenti e ricercatori della II Facolt ̉di Giurisprudenza, della II Facolt ̉di Economia, dei corsi di laurea in Scienze della Formazione (Facolt ̉di Scienze della Formazione) e in Scienze Infermieristiche (Facolt ̉di Medicina) di Taranto intorno a tematiche di ricerca e di formazione rispondenti alla vocazione mediterranea dell’area ionica: ambiente, tutela della salute e del territorio, diritti ed economie del mare, valorizzazione dei saperi e delle culture dello spazio euro-mediterraneo.
|
| 506 |
1 |
|
|a Disponible solo en los productos indicados
|d vLex Global
|d vLex Global (Academic Edition, excluding Law Schools)
|d vLex Global (U.S. Academic Edition, Law Schools)
|d vLex Global (U.S. Academic Edition, excluding Law Schools)
|d vLex Global (Academic Edition, Law Schools)
|
| 650 |
0 |
4 |
|a Derecho Civil
|z Italia
|
| 740 |
0 |
|
|a vLex Libros (Servicio en ln̕ea)
|
| 856 |
4 |
0 |
|u http://vlex.com/source/criteri-di-deducibilita-delle-passivita-e-limiti-quantitativi-del-tributo-successorio-12395
|z Acceso restringido
|
| 942 |
|
|
|c BOOK
|
| 999 |
0 |
|
|a Civil Law
|